Ecce Romani Vocab: Chapter 9 Quiz Stats

 Plays Quiz not verified by Sporcle

Also try: Ends in 'B' II
Challenge
Share
Tweet
Embed
Score 0/30 Timer 04:00
0 Plays Today
Latin English % Correct
nemono one
81.8%
semisomnahalf-asleep
81.8%
ianitordoorkeeper
80%
tuusyour (singular)
76.4%
vos omnesall of you
76.4%
nullino
74.5%
hichere
74.5%
Tace!Be quiet!
74.5%
miseraunhappy
74.5%
simultogether
72.7%
ad ianuamat the door
70.9%
suaher own
69.1%
temptattries
69.1%
tacitesilently
67.3%
mecumwith me
67.3%
Latin English % Correct
secunda horaat the second hour
67.3%
lacrimatweeps
65.5%
Vale!Goodbye!
61.8%
Noli... excitare!Don't wake... up!
60%
O me miseram!Poor me!
60%
lacrimansweeping
56.4%
mittesend
54.5%
promittispromise
52.7%
discendereto go away
50.9%
nobisfor us
43.6%
tenetholds
41.8%
manereto remain
40%
complexuin an embrace
40%
abitgoes away
30.9%
nesciodon't know
29.1%

You're not logged in!

Compare scores with friends on all Sporcle quizzes.
OR
Log In

You Might Also Like...

Show Comments

Extras

Top Quizzes Today


Score Distribution

Your Account Isn't Verified!

In order to create a playlist on Sporcle, you need to verify the email address you used during registration. Go to your Sporcle Settings to finish the process.

Report this User

Report this user for behavior that violates our Community Guidelines.

Details: